Datum a čas kvízu
31
Celkem bodů
Celkový počet nahraných bodů na tomto kvízu bez doplňovacích otázek.
8.
Pořadí na kvízu
Konečné umístění týmu na tomto kvízu.
Zaznamenané odpovědi
| # | Otázka | Odpověď | Body | Výsledky |
|---|---|---|---|---|
| 1. | Jak se jmenuje bývalý vrcholný... | Jan Hamáček | 0 | |
| 2. | Pokutami v celkové výši přes 3... | Donald Trump | 1 | |
| 3. | Minulý týden v úterý oslavil p... | Robbie Williams | 1 | |
| 4. | Nadnárodní gigant na poli výro... | Nike | 0 | |
| 5. | Který norský sportovec získal... | Johannes Bö | 1 | |
| 6. | Obec s nejdelším názvem v Česk... | A | 1 | |
| 7. | Česká republika se dělí na 14... | Karlovy Vary, Jihlava | 1 | |
| 8. | Nejníže položené sídlo v České... | Hřensko | 0 | |
| 9. | V této otázce bude potřeba k z... | 1A 2D 3C 4B | 0 | |
| 10. | V České republice jsou čtyři ú... | Krkonošský NP | 1 |